00540nam a2200181Ia 450000500170000000800410001702000170005808200130007510000160008824500580010426000460016230000130020865000110022165000100023294200060024295200950024899900150034320241028023159.0240331s9999 xx 000 0 und d a978006092008 bBRYa823 aBryson,Bill 4aThe Lost continent :bTravels in Small - Town America aNew YorkbHarper Collins Publishersc1990 a314 p ., aSocial aStory cL 001040708LaWERCLbWERCLcSSCd2024-03-31l0o 823 BRYp6745r2024-03-31w2024-03-31yL c5679d5679